Countries China has been to war with. - Statistics

General Stats
  • This quiz has been taken 218 times
    189 since last reset
  • The average score is 16 of 23
Answer Stats
War or wars Answer % Correct
Korean War, First, Second and Third (first answer) Straight Crisis, Vietnam War United States
98%
Korean War France
92%
Korean War United Kingdom
92%
Vietnam War, Battle of the Paracel Islands, Sino-Vietnamese war, Sino-Vietnamese conflicts Vietnam
92%
Korean War, Vietnam War South Korea
90%
Sino-____ War, Nathu La and Cho La clashes India
87%
Sino-Soviet Border Conflict: Zhenbao Island Incident Russia
85%
Korean War, Vietnam War Australia
81%
Korean War Canada
79%
Chinese Civil War, First, Second and Third _____ Straight Crisis, China-Burma border campaign Taiwan
78%
Vietnam War Cambodia
76%
Vietnam War Laos
76%
Korean War, Vietnam War Thailand
73%
Korean War, VIetnam War New Zealand
72%
Korean War Belgium
58%
Korean War Netherlands
57%
Korean War, Vietnam War Philippines
56%
Korean War Turkey
51%
Korean War Greece
43%
Korean War South Africa
37%
Korean War Luxembourg
34%
Korean War Colombia
26%
Korean War Ethiopia
26%
No matching quizzes found
Score Distribution
Percent of People with Each Score
Percentile by Number Answered
Your Score History
You have not taken this quiz since the last reset